<?xml version="1.0" encoding="UTF-8"?>
<record
    xmlns:xsi="http://www.w3.org/2001/XMLSchema-instance"
    xsi:schemaLocation="http://www.loc.gov/MARC21/slim http://www.loc.gov/standards/marcxml/schema/MARC21slim.xsd"
    xmlns="http://www.loc.gov/MARC21/slim">

  <leader>03619cam a2200361 i 4500</leader>
  <controlfield tag="001">on1305501194</controlfield>
  <controlfield tag="003">EG-ScBUE</controlfield>
  <controlfield tag="005">20240623091640.0</controlfield>
  <controlfield tag="008">220323t2023    paua   f bf   001 0 eng d</controlfield>
  <datafield tag="020" ind1=" " ind2=" ">
    <subfield code="a">9781975159580</subfield>
  </datafield>
  <datafield tag="020" ind1=" " ind2=" ">
    <subfield code="a">1975159586</subfield>
  </datafield>
  <datafield tag="035" ind1=" " ind2=" ">
    <subfield code="a">(OCoLC)1305501194</subfield>
  </datafield>
  <datafield tag="040" ind1=" " ind2=" ">
    <subfield code="a">DNLM/DLC</subfield>
    <subfield code="b">eng</subfield>
    <subfield code="e">rda</subfield>
    <subfield code="c">DLC</subfield>
    <subfield code="d">OCLCO</subfield>
    <subfield code="d">OCLCF</subfield>
    <subfield code="d">YDX</subfield>
    <subfield code="d">EG-ScBUE</subfield>
  </datafield>
  <datafield tag="082" ind1="0" ind2="4">
    <subfield code="a">615.83</subfield>
    <subfield code="2">22</subfield>
    <subfield code="b">B&#xC9;L</subfield>
  </datafield>
  <datafield tag="100" ind1="1" ind2=" ">
    <subfield code="a">B&#xE9;langer, Alain,</subfield>
    <subfield code="e">author.</subfield>
  </datafield>
  <datafield tag="245" ind1="1" ind2="0">
    <subfield code="a">Therapeutic electrophysical agents :</subfield>
    <subfield code="b">an evidence-based handbook /</subfield>
    <subfield code="c">Alain-Yvan B&#xE9;langer, full professor from the Department of Rehabilitation, physiotherapy program, Faculty of Medicine, Laval University, Quebec City, Canada. </subfield>
  </datafield>
  <datafield tag="250" ind1=" " ind2=" ">
    <subfield code="a">Fourth edition.</subfield>
  </datafield>
  <datafield tag="264" ind1=" " ind2="1">
    <subfield code="a">Philadelphia :</subfield>
    <subfield code="b">Wolters Kluwer,</subfield>
    <subfield code="c">[2023]</subfield>
  </datafield>
  <datafield tag="264" ind1=" " ind2="4">
    <subfield code="c">c2023</subfield>
  </datafield>
  <datafield tag="300" ind1=" " ind2=" ">
    <subfield code="a">xi, 379 pages :</subfield>
    <subfield code="b">illustrations (chiefly color) ;</subfield>
    <subfield code="c">19 cm</subfield>
  </datafield>
  <datafield tag="336" ind1=" " ind2=" ">
    <subfield code="a">text</subfield>
    <subfield code="b">txt</subfield>
    <subfield code="2">rdacontent</subfield>
  </datafield>
  <datafield tag="337" ind1=" " ind2=" ">
    <subfield code="a">unmediated</subfield>
    <subfield code="b">n</subfield>
    <subfield code="2">rdamedia</subfield>
  </datafield>
  <datafield tag="338" ind1=" " ind2=" ">
    <subfield code="a">volume</subfield>
    <subfield code="b">nc</subfield>
    <subfield code="2">rdacarrier</subfield>
  </datafield>
  <datafield tag="504" ind1=" " ind2=" ">
    <subfield code="a">Includes bibliographical references and index.</subfield>
  </datafield>
  <datafield tag="505" ind1="0" ind2=" ">
    <subfield code="a">Foundation of therapeutic electrophysical agents -- Soft-tissue healing process -- Purchase, maintenance, calibration, and safety -- Thermotherapy -- Cryotherapy -- Hydrotherapy -- Shortwave diathermy therapy -- Low-level laser therapy -- Ultraviolet therapy for dermatoses -- Electrical stimulation for muscle dysfunction -- Electrical stimulation for pain -- Electrical stimulation for tissue repair -- Iontophoresis therapy -- Spinal traction therapy -- Intermittent pneumatic compression therapy -- Continuous passive motion therapy -- Ultrasound therapy -- Extracorporeal shockwave therapy.</subfield>
  </datafield>
  <datafield tag="520" ind1=" " ind2=" ">
    <subfield code="a">"The outright practice of therapeutic electrophysical agents at your fingertips - open, learn, and apply! Pocket-sized and perfect for learning or practice in any setting, Therapeutic Electrophysical Agents: An Evidence-Based Handbook, 4th Edition, instills the expertise with electrophysical agents needed for success in physical therapy. This proven, practical text is built on evidence from the most recent published peer-reviewed scientific and clinical literature, providing a credible and reliable foundation for safe, effective practice. The updated 4th edition features a new, streamlined design that emphasizes essential knowledge and skills in a compact, portable format preferred by today's busy students and practitioners, accompanied by online resources that simplify conversion and dosimetric calculations to save time while ensuring accurate results. New pocket-sized format provides fast, easy access to essential information on demand. New Takeaways feature highlight key elements related to each chapter. New and easier approach to objective dosimetry through multiple exemplified formulas and calculations. New recommended reading list loaded with the most recent published meta-analysis, systematic reviews, and randomized controlled trials. New listing of Indications to optimize therapeutic effectiveness based on best evidence. Updated Contraindications, Risks, and Precautions for use enhance safety and clinical decision-making. Updated step-by-step guidance to application. Updated full-color photos and illustrations clarify concepts and reinforce understanding. "--</subfield>
    <subfield code="c">Provided by publisher.</subfield>
  </datafield>
  <datafield tag="650" ind1=" " ind2="7">
    <subfield code="a">Physical therapy.</subfield>
    <subfield code="2">BUEsh</subfield>
  </datafield>
  <datafield tag="650" ind1=" " ind2="7">
    <subfield code="a">Evidence-based medicine.</subfield>
    <subfield code="2">BUEsh</subfield>
  </datafield>
  <datafield tag="653" ind1=" " ind2=" ">
    <subfield code="c">June2024</subfield>
    <subfield code="b">PT</subfield>
  </datafield>
  <datafield tag="655" ind1=" " ind2=" ">
    <subfield code="v">Reading book</subfield>
  </datafield>
  <datafield tag="776" ind1="0" ind2="8">
    <subfield code="i">Online version:</subfield>
    <subfield code="a">B&#xE9;langer, Alain.</subfield>
    <subfield code="t">Therapeutic electrophysical agents</subfield>
    <subfield code="b">Fourth edition.</subfield>
    <subfield code="d">Philadelphia : Wolters Kluwer, [2023]</subfield>
    <subfield code="z">9781975159597</subfield>
    <subfield code="w">(DLC)  2022014049</subfield>
  </datafield>
  <datafield tag="942" ind1=" " ind2=" ">
    <subfield code="2">ddc</subfield>
    <subfield code="c">BB</subfield>
  </datafield>
  <datafield tag="999" ind1=" " ind2=" ">
    <subfield code="c">30785</subfield>
    <subfield code="d">30756</subfield>
  </datafield>
  <datafield tag="952" ind1=" " ind2=" ">
    <subfield code="0">0</subfield>
    <subfield code="1">0</subfield>
    <subfield code="2">ddc</subfield>
    <subfield code="4">0</subfield>
    <subfield code="7">0</subfield>
    <subfield code="8">Baccah</subfield>
    <subfield code="a">MAIN</subfield>
    <subfield code="b">MAIN</subfield>
    <subfield code="c">1ST</subfield>
    <subfield code="d">2024-06-23</subfield>
    <subfield code="e">Purchase</subfield>
    <subfield code="g">2644.00</subfield>
    <subfield code="h">38283</subfield>
    <subfield code="l">0</subfield>
    <subfield code="o">615.83 B&#xC9;L</subfield>
    <subfield code="p">000057140</subfield>
    <subfield code="r">2025-07-15 00:00:00</subfield>
    <subfield code="v">3305.00</subfield>
    <subfield code="w">2024-06-23</subfield>
    <subfield code="y">BB</subfield>
  </datafield>
  <datafield tag="952" ind1=" " ind2=" ">
    <subfield code="0">0</subfield>
    <subfield code="1">0</subfield>
    <subfield code="2">ddc</subfield>
    <subfield code="4">0</subfield>
    <subfield code="7">0</subfield>
    <subfield code="8">Baccah</subfield>
    <subfield code="a">MAIN</subfield>
    <subfield code="b">MAIN</subfield>
    <subfield code="c">1ST</subfield>
    <subfield code="d">2025-05-13</subfield>
    <subfield code="e">Purchase</subfield>
    <subfield code="g">2644.00</subfield>
    <subfield code="h">39224</subfield>
    <subfield code="l">0</subfield>
    <subfield code="o">615.83 B&#xC9;L</subfield>
    <subfield code="p">000057342</subfield>
    <subfield code="r">2025-07-15 00:00:00</subfield>
    <subfield code="v">3305.00</subfield>
    <subfield code="w">2025-05-13</subfield>
    <subfield code="y">BB</subfield>
  </datafield>
  <datafield tag="952" ind1=" " ind2=" ">
    <subfield code="0">0</subfield>
    <subfield code="1">0</subfield>
    <subfield code="2">ddc</subfield>
    <subfield code="4">0</subfield>
    <subfield code="7">0</subfield>
    <subfield code="8">Baccah</subfield>
    <subfield code="a">MAIN</subfield>
    <subfield code="b">MAIN</subfield>
    <subfield code="c">1ST</subfield>
    <subfield code="d">2025-05-13</subfield>
    <subfield code="e">Purchase</subfield>
    <subfield code="g">2644.00</subfield>
    <subfield code="h">39224</subfield>
    <subfield code="l">0</subfield>
    <subfield code="o">615.83 B&#xC9;L</subfield>
    <subfield code="p">000057343</subfield>
    <subfield code="r">2025-07-15 00:00:00</subfield>
    <subfield code="v">3305.00</subfield>
    <subfield code="w">2025-05-13</subfield>
    <subfield code="y">BB</subfield>
  </datafield>
</record>
